Quizzes
Events
Quiz Creation
Community
Videos
Private Events
Remove Ads
Sign In
Join for FREE
Feedback
Dark Mode
Quiz Categories
Sports
Geography
Music
Movies
Television
Just For Fun
Miscellaneous
History
Literature
Language
Science
Gaming
Entertainment
Religion
Holiday
For Kids
Quiz Lab
Recent
Popular Today
Quiz Kudos Today
Editor Picks
Curator Picks
Quizzes by...
Day
Popularity
Type
Ratings
Length
Year
Community
Subscriptions
Recent Discussions
Orange Saloon
Badges
Playlists
Quests
Create
Leaderboards
Showdown
Live 5
Trivia Bingo
Activity
Puzzle Library
Sporcle Events
Private Events
Virtual Trivia
Globe League
Become a Host
Pub Owners
SporcleCon
Opinionation
Our Games
Videos
Blog
Mobile Apps
Partnerships
Remove Ads and Go Orange
Feedback
Geography
Country
Landmarks
City
State
Population
World
Capital
Continent
Flags
Europe
Africa
Asia
South America
North America
Oceania
Border
Canada
United Kingdom
Topography
United States
Geography
Country
Landmarks
City
State
Population
World
Capital
Continent
Flags
Europe
Africa
Asia
South America
North America
Oceania
Border
Canada
United Kingdom
Topography
United States
Random Quiz
Search Sporcle
×
Quiz Lab
Quiz Lab
Geography
Country
Type in answers that appear in a list
Type in answers that appear in a list
Classic
Best Score? Go Orange.
Countries without Nestle Stats
Can you name the countries that do not have a Nestle office or consumer team?
By
Lezi
10m
85 Questions
53 Plays
53 Plays
53 Plays
Comments
Comments
Give Quiz Kudos
Give Quiz Kudos
-
- Ratings
hide this ad
Replay
Link that replays current quiz
Next Quiz
Link to next quiz in quiz playlist
You Got
0%
They Got
Avg Score
46%
Avg Friend Score
Upgrade to see
Score Distribution
Jump to the score distribution portion of the page
Score
0/85
Timer
10:00
0
Plays Today
Country
% Correct
Iraq
65.4%
North Korea
61.5%
Sudan
55.8%
Zimbabwe
55.8%
Afghanistan
53.8%
Botswana
53.8%
Niger
53.8%
Andorra
51.9%
Bhutan
51.9%
Laos
51.9%
Libya
51.9%
Vanuatu
51.9%
Vatican City
51%
Azerbaijan
50%
Cabo Verde
50%
Djibouti
50%
Georgia
50%
Guinea
50%
Mali
50%
Monaco
50%
Nauru
50%
Nepal
50%
Palau
50%
Tanzania
50%
Tonga
50%
Turkmenistan
50%
Armenia
48.1%
Comoros
48.1%
Equatorial Guinea
48.1%
Country
% Correct
Gambia
48.1%
Guinea-Bissau
48.1%
Micronesia
48.1%
Qatar
48.1%
Saint Lucia
48.1%
Suriname
48.1%
Togo
48.1%
Myanmar
48.1%
Burundi
48.1%
Antigua and Barbuda
46.2%
Eritrea
46.2%
Ethiopia
46.2%
Estonia
46.2%
Guyana
46.2%
Kyrgyzstan
46.2%
Latvia
46.2%
Lesotho
46.2%
Lithuania
46.2%
Malawi
46.2%
Mauritania
46.2%
Moldova
46.2%
Namibia
46.2%
Rwanda
46.2%
Saint Kitts and Nevis
46.2%
Saint Vincent and the Grenadines
46.2%
Samoa
46.2%
San Marino
46.2%
South Sudan
46.2%
Tajikistan
46.2%
Country
% Correct
Tuvalu
46.2%
Uganda
46.2%
Barbados
44.2%
Central African Republic
44.2%
Grenada
44.2%
Madagascar
44.2%
Mongolia
44.2%
Palestine
44.2%
Seychelles
44.2%
Bahamas
42.3%
Kiribati
42.3%
Liechtenstein
42.3%
Luxembourg
42.3%
Maldives
42.3%
Marshall Islands
42.3%
Montenegro
42.3%
São Tomé and Príncipe
42.3%
Dominica
40.4%
Iceland
40.4%
Mozambique
40.4%
Swaziland
40.4%
Albania
38.5%
Belize
38.5%
Liberia
38.5%
Cyprus
36.5%
Sierra Leone
36.5%
Timor-Leste
32.7%
Quiz Playlist
Details
Report
Send in Message
Add To Playlist
Classic:
Type in answers that appear in a list
Quiz Source
Last Updated: Feb 16, 2017
Quiz Scoreboard
CHALLENGE
Sign Up to Join the Scoreboard
Show All
Scores
Hide
Comments
May contain spoilers
Recently Published
Movies - When Are They Set?
by FPL_Elf
Movies
5m
Popular People in 1961
by mucciniale
History
6m
1-10 Letter E Words III
by El_Dandy
Language
2m
More to Explore
Quiz From the Vault
Featured Blog Post
Where Did the Easter Bunny Come From?
hide this ad
You Might Also Like...
Tags
Country Quiz
Consumer
nestle
office
team
Today's Top Quizzes in Geography
Browse Geography
hide this ad
Today's Top Quizzes in Country
Browse Country
Top Contributed Quizzes in Geography
1
Countries of the World - No Outlines Minefield
2
Top 25 Cities of France on a map
3
Closest Countries to UK A-Z
4
African Flag Reveal XLV
5
Blind Ultimate Minefield: USA
6
One Thing in Common: United Kingdom
7
Blind Secret Country CLXXXVIII
8
One Thing in Common: Asia
9
Find the US States - No Outlines
10
One Thing in Common: Geography
Explore More
Trending Topics
NBA
Crossword
Harry Potter
Marvel
Disney
Anime
Kpop
Pokémon
WWE
Country
Song
Soccer
Puzzle
The Office
NFL
hide this ad
More By:
Lezi
Quiz
Plays
Rating
Category
Featured
Created
10 Most Populous Countries by Atheism - Minefield
649
2.83
Geography
Oct 25, 2015
Highest Rape Countries
451
4.00
Geography
Oct 22, 2015
Richest Countries in 1900
430
2.08
Geography
Oct 25, 2015
10 Most culturally conservative countries (opinion)
375
2.67
Geography
Jun 27, 2015
Hitler Countries
361
5.00
Geography
Nov 4, 2015
Go to Creator's Profile
Score Distribution
Quiz Creator Spotlight
Lezi
Follow
Send a Message
Quizzes Created
-
Created Quiz Play Count
-
More By This Creator
Popular Quizzes Today
1
Find the US States - No Outlines Minefield
2
Find the Countries of Europe - No Outlines Minefield
3
The Countries of the World
4
Popular People in 1961
5
1-10 Letter E Words III
6
US States
7
Find the US States
8
One Thing in Common: World Cities II
More Geography Quizzes
State Border Chain Minefield II
Published
Trending Quizzes
Risky Map Clicking: Least Populous States A-Z
1-10 Letter F Words
1-10 Letter G Words
One Thing in Common: United Kingdom
Risky Map Clicking: Next State Alphabetically
Recently Updated
Leaping Animals
pecheneg
Reality TV Shows (A-Z)
bhenderson79
Rickey Henderson's Hall of Fame Teammates
pecheneg
Champions League XIs: Arsenal
pecheneg
Quick Pick: Celebrities in WWE's Hall of Fame
aduchscher
A-Z Keypad Blitz II
pecheneg
Multiple Oscar Actors
pecheneg
Mystery Phrase Blitz: Oscar 'Best Actors'
pecheneg
F. Scott Fitzgerald Novels
LTH
Pick 3 Villains
ddd62291
Trending Topics
Anime
Disney
Crossword
NBA
Kpop
Marvel
Harry Potter
WWE
Puzzle
Country
The Office
Song
NFL
Pokémon
Soccer
Your Account Isn't Verified!
In order to create a playlist on Sporcle, you need to verify the email address you used during registration. Go to your
Sporcle Settings
to finish the process.
Report this User
Report this user for behavior that violates our
Community Guidelines
.
Details:
Send Report
Go to the Sporcle.com Mobile Site →
Comments